000 00483nam a22001697a 4500
003 OSt
005 20250506163025.0
008 250429b |||||||| |||| 00| 0 eng d
020 _a9783319656953
040 _cRDA
100 _aSHENOY,DINESH., ROSAS,ROBERTO.,
_eAUTHOR
_9753441
245 _aPROBLEMS AND SOLUTIONS IN INVENTORY MANAGEMENT
_cBy Dinesh Shenoy and Roberto Rosas
260 _aUK
_bSPRINGER
_c2017
300 _axiii,283P
650 _2SOLUTIONS
942 _2CC
_cGB
_n0
999 _c1309757
_d1309757